[Event "Toronto Closed reserves"]
[Site "Toronto CAN"]
[Date "2010.02.23"]
[Round "5"]
[White "Zator, Ed"]
[Black "Chernik, Dmitry"]
[Result "1-0"]
[WhiteElo "1911"]
[BlackElo "1801"]
[PlyCount "119"]
[EventDate "2010.01.26"]
[EventType "tourn"]
[EventRounds "7"]
[EventCountry "CAN"]

1. e4 c5 2. Nf3 d6 3. d4 cxd4 4. Nxd4 Nf6 5. Nc3 Nc6 6. Bg5 e6 7. Qd2 a6 8.
O-O-O Be7 9. f4 h6 10. Bxf6 gxf6 11. Be2 h5 12. Kb1 Bd7 13. Bf3 Rc8 14. Rhe1 b5
15. Re3 Nxd4 16. Qxd4 Qc7 17. Qd2 a5 18. Rde1 b4 19. Nd5 exd5 20. exd5 Bf5 21.
Bd1 O-O 22. Rxe7 Qc4 23. R7e3 a4 24. Qe2 Qxe2 25. R3xe2 Rc5 26. Rd2 Rfc8 27. b3
axb3 28. axb3 Ra8 29. Rd4 Rca5 30. Kc1 Ra1+ 31. Kd2 Rc8 32. Rc4 Rxc4 33. bxc4
Ra2 34. Re8+ Kg7 35. Rb8 Be4 36. g3 Ra4 37. Rb6 f5 38. Bxh5 b3 39. cxb3 Ra2+
40. Ke3 Rc2 41. Be2 Rc3+ 42. Kd2 Rc2+ 43. Kd1 Rb2 44. Rxd6 Rxb3 45. c5 Rb1+ 46.
Kd2 Rb2+ 47. Ke3 Rb3+ 48. Kd4 Rb2 49. Bc4 Rd2+ 50. Ke5 Rc2 51. Kd4 Rd2+ 52. Kc3
Rc2+ 53. Kb4 Rb2+ 54. Ka5 Rc2 55. Kb5 Rb2+ 56. Kc6 Rxh2 57. Kd7 Rc2 58. c6 Rxc4
59. c7 Bxd5 60. Rxd5 1-0

[Event "Toronto Closed reserves"]
[Site "Toronto CAN"]
[Date "2010.03.02"]
[Round "6"]
[White "Cheron, Anthony"]
[Black "Chernik, Dmitry"]
[Result "1/2-1/2"]
[WhiteElo "1925"]
[BlackElo "1801"]
[PlyCount "88"]
[EventDate "2010.01.26"]
[EventType "tourn"]
[EventRounds "7"]
[EventCountry "CAN"]

1. d3 d5 2. e4 dxe4 3. dxe4 Qxd1+ 4. Kxd1 e5 5. g3 Nf6 6. f3 Nc6 7. c3 Bc5 8.
Bh3 Bxh3 9. Nxh3 O-O-O+ 10. Ke2 h6 11. Rd1 g5 12. Rxd8+ Rxd8 13. g4 a5 14. Nd2
b5 15. a4 b4 16. Nf1 Kb7 17. Be3 Kb6 18. Rd1 Rxd1 19. Kxd1 bxc3 20. bxc3 Nd7
21. Bc1 Ka6 22. Kc2 Nb6 23. Kb3 Nd8 24. Ng3 Ne6 25. Nf5 Bf8 26. Be3 c5 27. c4
Nd4+ 28. Bxd4 cxd4 29. Nf2 Nd7 30. Nd3 Kb6 31. Kc2 f6 32. h3 Nc5 33. Nxc5 Kxc5
34. Kb3 d3 35. Kc3 d2 36. Ne3 Bd6 37. Nd1 Kc6 38. Kxd2 Bc5 39. Nc3 Bb4 40. Kd3
Bxc3 41. Kxc3 Kc5 42. Kd3 Kb4 43. c5 Kxc5 44. Kc3 Kd6 1/2-1/2

[Event "Toronto Closed reserves"]
[Site "Toronto CAN"]
[Date "2010.03.07"]
[Round "6"]
[White "Florea, Alexandru"]
[Black "Zator, Ed"]
[Result "1-0"]
[WhiteElo "2035"]
[BlackElo "1911"]
[PlyCount "75"]
[EventDate "2010.01.26"]
[EventType "tourn"]
[EventRounds "7"]
[EventCountry "CAN"]

1. e4 c5 2. f4 d5 3. exd5 Qxd5 4. Nc3 Qd8 5. Nf3 Nf6 6. Bb5+ Bd7 7. Bxd7+ Nbxd7
8. O-O e6 9. d3 Be7 10. Ne4 Qc7 11. Nfg5 h6 12. Nxf6+ Bxf6 13. Ne4 Bd4+ 14. Kh1
g6 15. c3 Bg7 16. Be3 f5 17. Ng3 Nf6 18. Qa4+ Kf7 19. d4 c4 20. Bd2 a6 21. Qc2
h5 22. h3 h4 23. Ne2 Ne4 24. Be1 Qc6 25. Ng1 Bf6 26. Nf3 Rh5 27. Nd2 Nd6 28.
Nf3 Rg8 29. Qe2 Rh7 30. Rd1 Ne4 31. Nd2 Nxd2 32. Bxd2 g5 33. fxg5 Bxg5 34. Bxg5
Rxg5 35. d5 exd5 36. Qe5 Kg6 37. Rxd5 Kh5 38. Rxf5 1-0

[Event "Toronto Closed reserves"]
[Site "Toronto CAN"]
[Date "2010.03.02"]
[Round "6"]
[White "Stein, Mickey"]
[Black "Armstrong, Robert J"]
[Result "1/2-1/2"]
[WhiteElo "2038"]
[BlackElo "1746"]
[PlyCount "134"]
[EventDate "2010.01.26"]
[EventType "tourn"]
[EventRounds "7"]
[EventCountry "CAN"]

1. e4 g6 2. d4 Bg7 3. Nc3 d6 4. Be3 Nf6 5. Qd2 Ng4 6. Bg5 h6 7. Bh4 O-O 8. h3
Nf6 9. O-O-O c6 10. f4 b5 11. Bd3 b4 12. Nce2 Ba6 13. Bxf6 exf6 14. Qxb4 Bxd3
15. cxd3 Na6 16. Qa3 Qb6 17. Nf3 Rab8 18. Nd2 d5 19. Nb3 c5 20. dxc5 Rfc8 21.
d4 dxe4 22. Nc3 Qb7 23. Nxe4 Qxe4 24. Qxa6 Qxf4+ 25. Kb1 Qe4+ 26. Qd3 Qxg2 27.
Rhe1 f5 28. Re2 Qd5 29. Rc2 Rb4 30. a3 Rxb3 31. Qc4 Qxc4 32. Rxc4 Bf8 33. Rb4
Rxh3 34. Rb7 a5 35. Ra7 a4 36. Rxa4 Bxc5 37. dxc5 Rxc5 38. Ra8+ Kg7 39. Rd7 f4
40. Rd2 f3 41. b4 Rh1+ 42. Kb2 Re5 43. a4 Rhe1 44. Rc8 R5e2 45. Rcc2 f2 46.
Rxe2 Rxe2 47. Rxe2 f1=Q 48. Rc2 h5 49. b5 h4 50. Kb3 h3 51. b6 Qb1+ 52. Rb2
Qd3+ 53. Ka2 Qc4+ 54. Ka3 Qc5+ 55. Ka2 Qd5+ 56. Ka3 Qd6+ 57. Ka2 h2 58. b7 Qb8
59. Rb1 h1=Q 60. Rxh1 Qxb7 61. Rb1 Qd5+ 62. Rb3 Qa5 63. Ka3 g5 64. Rb5 Qc3+ 65.
Ka2 Qc4+ 66. Ka3 g4 67. Rb4 Qc3+ 1/2-1/2

[Event "Toronto Closed reserves"]
[Site "Toronto CAN"]
[Date "2010.03.09"]
[Round "7"]
[White "Armstrong, Robert J"]
[Black "Bellomo, Joe"]
[Result "0-1"]
[WhiteElo "1746"]
[BlackElo "1778"]
[PlyCount "70"]
[EventDate "2010.01.26"]
[EventType "tourn"]
[EventRounds "7"]
[EventCountry "CAN"]

1. d4 Nf6 2. c4 e6 3. Nf3 b6 4. e3 Bb7 5. Bd3 Be7 6. O-O O-O 7. Nc3 d5 8. b3
dxc4 9. bxc4 Nbd7 10. a4 c5 11. Ba3 cxd4 12. Bxe7 Qxe7 13. exd4 Rfc8 14. Ne5
Nxe5 15. dxe5 Nd7 16. Qe2 Qg5 17. f4 Qe7 18. Ne4 Bxe4 19. Bxe4 Rab8 20. Rac1
Rc5 21. Rf3 f5 22. exf6 Nxf6 23. Bb1 Rh5 24. Re3 Qc5 25. Re1 Rd8 26. Kh1 Rh4
27. Rxe6 Rxf4 28. Re7 Rf8 29. h3 Rf2 30. Qe6+ Kh8 31. Kh2 Qg5 32. Be4 Qf4+ 33.
Kh1 Nh5 34. Bf3 Rxf3 35. gxf3 Qxf3+ 0-1

[Event "Toronto Closed reserves"]
[Site "Toronto CAN"]
[Date "2010.03.09"]
[Round "7"]
[White "Chernik, Dmitry"]
[Black "Florea, Alexandru"]
[Result "1/2-1/2"]
[WhiteElo "1801"]
[BlackElo "2035"]
[PlyCount "53"]
[EventDate "2010.01.26"]
[EventType "tourn"]
[EventRounds "7"]
[EventCountry "CAN"]

1. e4 c5 2. Nf3 d6 3. d4 cxd4 4. Nxd4 Nf6 5. Nc3 g6 6. Be3 Bg7 7. f3 O-O 8. Qd2
Nc6 9. O-O-O d5 10. Nxd5 Nxd5 11. Nxc6 bxc6 12. exd5 cxd5 13. Qxd5 Qc7 14. Qxa8
Bf5 15. Qxf8+ Kxf8 16. Rd2 Qb8 17. Bc4 Bxb2+ 18. Kd1 Kg7 19. Bb3 Bc3 20. Bd4+
Bxd4 21. Rxd4 Qe5 22. c3 Qe3 23. Re1 Qxc3 24. Rd2 Bd3 25. Rxd3 Qxd3+ 26. Kc1
Qc3+ 27. Kd1 1/2-1/2

[Event "Toronto Closed reserves"]
[Site "Toronto CAN"]
[Date "2010.03.09"]
[Round "7"]
[White "Zator, Ed"]
[Black "Stein, Mickey"]
[Result "0-1"]
[WhiteElo "1911"]
[BlackElo "2038"]
[PlyCount "78"]
[EventDate "2010.01.26"]
[EventType "tourn"]
[EventRounds "7"]
[EventCountry "CAN"]

1. e4 c5 2. Nf3 Nc6 3. d4 cxd4 4. Nxd4 Nf6 5. Nc3 e5 6. Ndb5 d6 7. Bg5 a6 8.
Bxf6 gxf6 9. Na3 Be6 10. Bd3 Rc8 11. Ne2 d5 12. O-O dxe4 13. Bxe4 Qxd1 14.
Rfxd1 Bc5 15. c3 f5 16. Bd5 Ke7 17. Nc2 Rhd8 18. Bxe6 fxe6 19. b4 Ba7 20. a4 e4
21. Rxd8 Rxd8 22. b5 Rd2 23. bxc6 Rxc2 24. Kf1 bxc6 25. Rb1 Rd2 26. Ke1 Rd7 27.
Rb4 Kd6 28. g4 a5 29. Rb1 Ke5 30. g5 f4 31. Kf1 f3 32. Nd4 Bxd4 33. cxd4+ Rxd4
34. Ke1 Rxa4 35. Rb7 Ra1+ 36. Kd2 Rf1 37. Rxh7 Rxf2+ 38. Ke1 Rg2 39. h4 e3 0-1

[Event "Toronto op"]
[Site "Toronto CAN"]
[Date "2010.04.02"]
[Round "1.2"]
[White "Shebetah, Wajdy"]
[Black "Sambuev, Bator"]
[Result "0-1"]
[WhiteElo "2246"]
[BlackElo "2610"]
[PlyCount "62"]
[EventDate "2010.04.02"]
[EventType "swiss"]
[EventRounds "6"]
[EventCountry "CAN"]

1. d4 e6 2. Bf4 f5 3. e3 Nf6 4. Nf3 Be7 5. h3 b6 6. Bd3 Bb7 7. c3 O-O 8. Nbd2
Ne4 9. Qc2 Nxd2 10. Qxd2 c5 11. Qe2 Be4 12. O-O-O Nc6 13. Bxe4 fxe4 14. Nd2
cxd4 15. Nxe4 d5 16. Qg4 Qc8 17. Nd6 Bxd6 18. Bxd6 Rd8 19. Bg3 dxc3 20. bxc3 h5
21. Qa4 Na5 22. Qc2 Qc5 23. Bh4 Rdc8 24. Bf6 Qa3+ 25. Kd2 Rf8 26. Bh4 Rac8 27.
Rc1 e5 28. g4 d4 29. gxh5 Rxc3 30. Qb1 Nc4+ 31. Ke2 Rxe3+ 0-1

[Event "Toronto op"]
[Site "Toronto CAN"]
[Date "2010.04.02"]
[Round "1.4"]
[White "Filipovich, David"]
[Black "Thavandiran, Shiyam"]
[Result "0-1"]
[WhiteElo "2214"]
[BlackElo "2460"]
[PlyCount "46"]
[EventDate "2010.04.02"]
[EventType "swiss"]
[EventRounds "6"]
[EventCountry "CAN"]

1. Nf3 d5 2. g3 Nf6 3. Bg2 c5 4. O-O Nc6 5. d4 Qb6 6. dxc5 Qxc5 7. a3 Bf5 8. c3
e6 9. b4 Qb6 10. Nbd2 Be7 11. c4 dxc4 12. Nxc4 Qb5 13. Nd6+ Bxd6 14. Qxd6 Rd8
15. Qc5 Qxe2 16. Re1 Rd1 17. Be3 Rxa1 18. Rxa1 Ne4 19. Nd4 Qd3 20. Qc1 Nxd4 21.
Qc8+ Ke7 22. Qxh8 Ne2+ 23. Kh1 Qxe3 0-1

[Event "Toronto op"]
[Site "Toronto CAN"]
[Date "2010.04.02"]
[Round "1.7"]
[White "Egorov, Mikhail"]
[Black "Kryvoruchko, Yuriy"]
[Result "0-1"]
[WhiteElo "2174"]
[BlackElo "2161"]
[PlyCount "40"]
[EventDate "2010.04.02"]
[EventType "swiss"]
[EventRounds "6"]
[EventCountry "CAN"]

1. c4 e5 2. Nc3 Nf6 3. Nf3 Nc6 4. g3 d5 5. cxd5 Nxd5 6. Bg2 Nb6 7. O-O Be7 8.
a3 Be6 9. b4 a5 10. b5 Nd4 11. Rb1 a4 12. Nxe5 f6 13. e3 Nb3 14. Bxb7 fxe5 15.
Bxa8 Qxa8 16. Qh5+ Kd7 17. Rd1 Rf8 18. d4 exd4 19. Ne2 g6 20. Qxh7 Qf3 0-1

[Event "Toronto op"]
[Site "Toronto CAN"]
[Date "2010.04.02"]
[Round "1.8"]
[White "Fiedler, Brian"]
[Black "Plotkin, Victor"]
[Result "0-1"]
[WhiteElo "2161"]
[BlackElo "2364"]
[PlyCount "58"]
[EventDate "2010.04.02"]
[EventType "swiss"]
[EventRounds "6"]
[EventCountry "CAN"]

1. Nf3 Nf6 2. c4 c5 3. Nc3 Nc6 4. e3 e6 5. d4 d5 6. a3 cxd4 7. exd4 Be7 8. c5
Ne4 9. Qd3 f5 10. b4 O-O 11. g3 b6 12. b5 Na5 13. cxb6 axb6 14. Ne5 Bb7 15. Ne2
Nc4 16. Bg2 Nxe5 17. dxe5 Bb4+ 18. Kf1 Qe7 19. f3 Bc5 20. Nd4 Bxd4 21. Qxd4 Nc5
22. Rb1 Rfc8 23. Kf2 Ra4 24. Qd1 Rc4 25. Bf1 Rc2+ 26. Ke1 Nb3 27. Be3 Qxa3 28.
Bd3 R2c3 29. Rf1 Nc1 0-1

[Event "Toronto op"]
[Site "Toronto CAN"]
[Date "2010.04.03"]
[Round "2"]
[White "Dougherty, Michael"]
[Black "Humphreys, Michael"]
[Result "0-1"]
[WhiteElo "2326"]
[BlackElo "2184"]
[PlyCount "134"]
[EventDate "2010.04.02"]
[EventType "swiss"]
[EventRounds "6"]
[EventCountry "CAN"]

1. e4 c5 2. Nf3 d6 3. Bc4 Nf6 4. d3 Nc6 5. h3 g6 6. O-O Bg7 7. c3 O-O 8. Bb3 e5
9. Re1 Re8 10. Bg5 h6 11. Bxf6 Qxf6 12. Nbd2 Be6 13. Nc4 Qd8 14. Ne3 Rf8 15. g4
Rb8 16. Kg2 Kh8 17. h4 Qd7 18. Kg3 Ne7 19. Bxe6 fxe6 20. a4 Rf7 21. Ng1 Rbf8
22. Nh3 Qd8 23. Rf1 d5 24. f3 Qb6 25. Qe2 Qc6 26. b3 Qc7 27. Nc2 Nc6 28. b4
cxb4 29. Nxb4 Ne7 30. Qd2 Qd6 31. Kg2 Rd8 32. g5 Nc6 33. Nxc6 Qxc6 34. Nf2 Qd6
35. Rae1 Rdf8 36. Nh3 Qd8 37. a5 h5 38. Qa2 Rd7 39. Rf2 Qc7 40. Rc1 Qc6 41. Qb1
Qa6 42. Rb2 Rdf7 43. Ng1 Qxa5 44. Rxb7 Rxb7 45. Qxb7 Qa2+ 46. Kg3 Qd2 47. Qb1
Rc8 48. c4 Kh7 49. Qc2 Qf4+ 50. Kh3 Bf8 51. Rb1 Rc7 52. Qc1 Qf7 53. Kg2 Bc5 54.
Ne2 Rc8 55. Nc3 dxc4 56. dxc4 Rd8 57. Rb5 Rd3 58. Qf1 Rxc3 59. Rxc5 Rc2+ 60.
Kh3 Qf4 61. Rc7+ Kg8 62. Qh1 Rc3 63. Rc8+ Kf7 64. Rc7+ Ke8 65. Rc8+ Kd7 66.
Qd1+ Kxc8 67. Kg2 Ra3 0-1

[Event "Toronto op"]
[Site "Toronto CAN"]
[Date "2010.04.02"]
[Round "2.2"]
[White "Sambuev, Bator"]
[Black "Martchenko, Alexander"]
[Result "1-0"]
[WhiteElo "2610"]
[BlackElo "2354"]
[PlyCount "43"]
[EventDate "2010.04.02"]
[EventType "swiss"]
[EventRounds "6"]
[EventCountry "CAN"]

1. e4 d6 2. d4 Nf6 3. Nc3 Nbd7 4. Nf3 e5 5. Bc4 Be7 6. O-O O-O 7. Re1 c6 8. a4
b6 9. Ba2 a6 10. Bg5 Qc7 11. Nh4 exd4 12. Nf5 dxc3 13. Nxe7+ Kh8 14. bxc3 Nc5
15. Bxf6 gxf6 16. Nxc6 Bb7 17. Nb4 Nxe4 18. Qd4 Rae8 19. Bd5 a5 20. Rxe4 Rxe4
21. Qxe4 Qxc3 22. Rf1 1-0

[Event "Toronto op"]
[Site "Toronto CAN"]
[Date "2010.04.02"]
[Round "2.4"]
[White "Thavandiran, Shiyam"]
[Black "Hambleton, Aman"]
[Result "1/2-1/2"]
[WhiteElo "2460"]
[BlackElo "2308"]
[PlyCount "66"]
[EventDate "2010.04.02"]
[EventType "swiss"]
[EventRounds "6"]
[EventCountry "CAN"]

1. e4 e6 2. d4 d5 3. e5 c5 4. c3 Nc6 5. Nf3 Nh6 6. Bxh6 gxh6 7. Be2 Bg7 8. Qd2
cxd4 9. cxd4 O-O 10. O-O f6 11. exf6 Qxf6 12. Rd1 Bd7 13. Na3 Be8 14. Nc2 Bh5
15. Qe3 Rac8 16. Rd2 Bg6 17. Bd3 Bxd3 18. Rxd3 Ne7 19. Qe2 Ng6 20. g3 Rc6 21.
Re3 Qf5 22. Nb4 Rc4 23. Nd3 Bxd4 24. Nxd4 Rxd4 25. Ne5 Nxe5 26. Rxe5 Rd2 27.
Qxd2 Qxe5 28. Qxh6 d4 29. Qd2 Qf6 30. Rd1 e5 31. f4 exf4 32. Qxd4 fxg3 33. hxg3
Qxd4+ 1/2-1/2

[Event "Toronto op"]
[Site "Toronto CAN"]
[Date "2010.04.02"]
[Round "2.5"]
[White "Kryvoruchko, Yuriy"]
[Black "Sapozhnikov, Roman"]
[Result "0-1"]
[WhiteElo "2161"]
[BlackElo "2420"]
[PlyCount "32"]
[EventDate "2010.04.02"]
[EventType "swiss"]
[EventRounds "6"]
[EventCountry "CAN"]

1. e4 c5 2. Nf3 d6 3. d4 cxd4 4. Nxd4 Nf6 5. Nc3 Nc6 6. Bc4 Qb6 7. Nb3 e6 8.
Bf4 Ne5 9. Be2 Bd7 10. Be3 Qc7 11. f4 Nc4 12. Bxc4 Qxc4 13. Qf3 d5 14. exd5
exd5 15. f5 Bc5 16. Bc1 O-O 0-1

[Event "Toronto op"]
[Site "Toronto CAN"]
[Date "2010.04.02"]
[Round "2.8"]
[White "Wu, Kevin"]
[Black "Cheng, Bindi"]
[Result "0-1"]
[WhiteElo "1911"]
[BlackElo "2408"]
[PlyCount "54"]
[EventDate "2010.04.02"]
[EventType "swiss"]
[EventRounds "6"]
[EventCountry "CAN"]

1. e4 d5 2. exd5 Qxd5 3. Nc3 Qd6 4. d4 Nf6 5. Nf3 a6 6. g3 Bg4 7. Bg2 Nc6 8.
Be3 O-O-O 9. O-O e5 10. dxe5 Nxe5 11. Qxd6 Bxd6 12. Ng5 h6 13. Nge4 Nxe4 14.
Nxe4 Be7 15. Nc5 b6 16. Nb3 Nc4 17. Bd4 Bf6 18. Bxf6 gxf6 19. Rab1 Rhe8 20.
Rfe1 Rxe1+ 21. Rxe1 Nxb2 22. Bf1 a5 23. Ba6+ Kb8 24. Re4 Bf3 25. Re3 Rd1+ 26.
Bf1 Bd5 27. f4 a4 0-1

[Event "Toronto op"]
[Site "Toronto CAN"]
[Date "2010.04.03"]
[Round "3.1"]
[White "Sapozhnikov, Roman"]
[Black "Sambuev, Bator"]
[Result "1-0"]
[WhiteElo "2420"]
[BlackElo "2610"]
[PlyCount "65"]
[EventDate "2010.04.02"]
[EventType "swiss"]
[EventRounds "6"]
[EventCountry "CAN"]

1. e4 e6 2. d4 d5 3. Nc3 Nf6 4. e5 Nfd7 5. f4 c5 6. Nf3 Nc6 7. Be3 Qb6 8. Na4
Qa5+ 9. c3 cxd4 10. b4 Nxb4 11. cxb4 Bxb4+ 12. Bd2 Bxd2+ 13. Nxd2 g5 14. g3
gxf4 15. gxf4 Rg8 16. Rb1 a6 17. Kf2 b5 18. Nb2 Nc5 19. Rg1 Rxg1 20. Kxg1 Qc3
21. Qe2 Bb7 22. Nd3 Nxd3 23. Qxd3 Ke7 24. Be2 Rc8 25. Nb3 h6 26. Nxd4 Qa5 27.
f5 Rg8+ 28. Kh1 Qc7 29. Qe3 exf5 30. Rc1 Qd7 31. e6 fxe6 32. Qe5 Kd8 33. Qf6+
1-0

[Event "Toronto op"]
[Site "Toronto CAN"]
[Date "2010.04.03"]
[Round "3.5"]
[White "Cheng, Bindi"]
[Black "Plotkin, Victor"]
[Result "1/2-1/2"]
[WhiteElo "2408"]
[BlackElo "2364"]
[PlyCount "124"]
[EventDate "2010.04.02"]
[EventType "swiss"]
[EventRounds "6"]
[EventCountry "CAN"]

1. d4 Nf6 2. Nf3 d5 3. Bf4 Bf5 4. c4 c6 5. Nc3 Qb6 6. Qc1 dxc4 7. e3 Nd5 8.
Bxb8 Rxb8 9. Bxc4 Nxc3 10. bxc3 e6 11. e4 Bg6 12. O-O Bd6 13. Qe3 Qc7 14. g3
O-O 15. Nh4 b5 16. Bb3 Be7 17. Nxg6 hxg6 18. e5 c5 19. d5 exd5 20. Bxd5 Rbd8
21. Rad1 c4 22. Qe4 Qc5 23. h4 Qc8 24. Kg2 Qf5 25. Qe2 Bc5 26. f4 Kh8 27. Rh1
Kg8 28. h5 g5 29. g4 Qxf4 30. Rhf1 Qe3 31. Qxe3 Bxe3 32. Bxf7+ Kh8 33. e6 Bc5
34. Rd7 Rxd7 35. exd7 Bb6 36. Rf5 b4 37. cxb4 c3 38. Bb3 Rxf5 39. gxf5 Kh7 40.
Kh3 Kh6 41. Kg4 Bd8 42. a4 a5 43. b5 Bb6 44. Bd1 Bd8 45. Kg3 Bb6 46. Kh3 Bc7
47. Kg4 Bd8 48. Kf3 Kxh5 49. Ke3+ g4 50. Kd3 Kg5 51. Kxc3 g3 52. Bf3 Kf4 53.
Bh1 Ke5 54. Kc4 Bb6 55. d8=Q Bxd8 56. Kc5 Kxf5 57. b6 Ke6 58. Kc6 Bf6 59. Kb5
Bc3 60. b7 Be5 61. Kxa5 Kd7 62. Kb6 Bd4+ 1/2-1/2

[Event "Toronto op"]
[Site "Toronto CAN"]
[Date "2010.04.03"]
[Round "3.6"]
[White "Qin, Zi Yi (Joey)"]
[Black "Henry, Liam"]
[Result "0-1"]
[WhiteElo "2304"]
[BlackElo "2287"]
[PlyCount "110"]
[EventDate "2010.04.02"]
[EventType "swiss"]
[EventRounds "6"]
[EventCountry "CAN"]

1. e4 c5 2. Nf3 d6 3. d4 cxd4 4. Nxd4 Nf6 5. Nc3 a6 6. Bc4 e6 7. Bb3 b5 8. O-O
Be7 9. Qf3 Qc7 10. Re1 O-O 11. Qg3 Bd7 12. Bh6 Ne8 13. Rad1 Nc6 14. Nxc6 Bxc6
15. a3 a5 16. Bg5 Nf6 17. f3 b4 18. axb4 axb4 19. Ne2 Ba4 20. Bxa4 Rxa4 21. Nd4
Rfa8 22. Kh1 R4a5 23. Bd2 Qc4 24. Bxb4 Qxb4 25. Nc6 Qb7 26. Nxa5 Rxa5 27. b3
Rc5 28. Qf2 h6 29. Qe2 Qb4 30. Rd2 Nh5 31. g3 Rc3 32. Rf1 Nf6 33. Rfd1 Qc5 34.
Qf2 Qc6 35. Re2 d5 36. Rd3 dxe4 37. Rxc3 Qxc3 38. fxe4 Bc5 39. Qf4 g5 40. Qf1
Qd4 41. Qe1 Ng4 42. Rd2 Qf6 43. h3 Qf3+ 44. Rg2 Ne3 45. Qe2 Qxe4 46. Kh2 Qxg2+
47. Qxg2 Nxg2 48. Kxg2 Kf8 49. Kf3 f5 50. c3 e5 51. b4 e4+ 52. Ke2 Ba7 53. c4
Ke7 54. c5 Ke6 55. Ke3 Ke5 0-1

[Event "Toronto op"]
[Site "Toronto CAN"]
[Date "2010.04.03"]
[Round "3.7"]
[White "Filipovich, David"]
[Black "Drkulec, Vladimir"]
[Result "1/2-1/2"]
[WhiteElo "2214"]
[BlackElo "2150"]
[PlyCount "51"]
[EventDate "2010.04.02"]
[EventType "swiss"]
[EventRounds "6"]
[EventCountry "CAN"]

1. Nf3 Nf6 2. g3 g6 3. Bg2 Bg7 4. O-O O-O 5. d4 d5 6. c4 dxc4 7. Na3 c5 8. Nxc4
cxd4 9. Nxd4 Ng4 10. e3 Ne5 11. Nxe5 Bxe5 12. Qe2 Qb6 13. b3 Rd8 14. Ba3 Na6
15. Rfd1 Rb8 16. Bf1 Nb4 17. Qb5 Qxb5 18. Bxb5 Bd6 19. Be2 a6 20. Bxb4 Bxb4 21.
Nc6 Rxd1+ 22. Rxd1 bxc6 23. Rd8+ Kg7 24. Bxa6 Ra8 25. Bxc8 Rxa2 26. Rd4 1/2-1/2

[Event "Toronto op"]
[Site "Toronto CAN"]
[Date "2010.04.03"]
[Round "3.8"]
[White "Humphreys, Michael"]
[Black "Peev, Pavel"]
[Result "1/2-1/2"]
[WhiteElo "2184"]
[BlackElo "2092"]
[PlyCount "123"]
[EventDate "2010.04.02"]
[EventType "swiss"]
[EventRounds "6"]
[EventCountry "CAN"]

1. d4 Nf6 2. c4 c5 3. d5 b5 4. cxb5 a6 5. bxa6 g6 6. Nc3 Bxa6 7. Nf3 Bg7 8. g3
O-O 9. Bg2 d6 10. O-O Qa5 11. Bd2 Nbd7 12. Rb1 Rfb8 13. Qc2 Ng4 14. a4 Qb6 15.
b3 Nge5 16. Nxe5 Nxe5 17. h3 Ra7 18. Rfe1 Rab7 19. Na2 Nd7 20. Bc3 Bxc3 21.
Qxc3 Rc7 22. Qe3 Nf6 23. b4 Bc4 24. Nc3 cxb4 25. Qxb6 Rxb6 26. Nb5 Rcb7 27.
Rxb4 Bxd5 28. e4 Bc6 29. e5 dxe5 30. Rxe5 Bxg2 31. Kxg2 e6 32. Rc5 Ra6 33. Rbc4
Nd5 34. Rc6 Ra5 35. Nd4 Rb2 36. Nc2 Ra2 37. Nb4 Ne3+ 38. Kf3 Nxc4 39. Rc8+ Kg7
40. Nxa2 Rxa4 41. Nc3 Ne5+ 42. Kg2 Rc4 43. Rxc4 Nxc4 44. Ne4 f5 45. Nc5 e5 46.
Kf3 e4+ 47. Kf4 Kf6 48. Nd7+ Ke7 49. Ne5 Nb6 50. Kg5 Nd5 51. h4 Ke6 52. Nxg6
hxg6 53. Kxg6 Ke5 54. h5 Nf6 55. h6 Ke6 56. h7 Nxh7 57. Kxh7 f4 58. gxf4 Kf5
59. Kg7 Kxf4 60. Kf6 Kf3 61. Ke5 Kxf2 62. Kxe4 1/2-1/2

[Event "Toronto op"]
[Site "Toronto CAN"]
[Date "2010.04.03"]
[Round "4.3"]
[White "Sambuev, Bator"]
[Black "Plotkin, Victor"]
[Result "1-0"]
[WhiteElo "2610"]
[BlackElo "2364"]
[PlyCount "65"]
[EventDate "2010.04.02"]
[EventType "swiss"]
[EventRounds "6"]
[EventCountry "CAN"]

1. d4 Nf6 2. c4 e6 3. Nc3 d5 4. Bg5 Be7 5. Nf3 O-O 6. e3 b6 7. Bd3 dxc4 8. Bxc4
Bb7 9. O-O c5 10. Qe2 cxd4 11. Nxd4 h6 12. Bf4 Nbd7 13. Bg3 Nd5 14. Nxd5 exd5
15. Bb5 Rc8 16. Nf5 Nf6 17. Rfd1 h5 18. Bh4 g6 19. Nxe7+ Qxe7 20. Qf3 Kg7 21.
Qf4 Rc5 22. Bd3 Re8 23. b4 Rc3 24. Rac1 Rec8 25. Rxc3 Rxc3 26. Qd4 Rc6 27. h3
Qe6 28. b5 Rc7 29. Bg3 Rc8 30. Be5 Rc5 31. f4 Bc8 32. f5 gxf5 33. Rf1 1-0

[Event "Toronto op"]
[Site "Toronto CAN"]
[Date "2010.04.03"]
[Round "4.5"]
[White "Henry, Liam"]
[Black "Cheng, Bindi"]
[Result "0-1"]
[WhiteElo "2287"]
[BlackElo "2408"]
[PlyCount "66"]
[EventDate "2010.04.02"]
[EventType "swiss"]
[EventRounds "6"]
[EventCountry "CAN"]

1. d4 d5 2. c4 c6 3. Nf3 Nf6 4. Nc3 a6 5. c5 Nbd7 6. Bf4 Nh5 7. e3 g6 8. Bd3
Bg7 9. h4 b6 10. cxb6 Qxb6 11. Na4 Qa5+ 12. Kf1 c5 13. Bh2 O-O 14. dxc5 Nxc5
15. Nxc5 Qxc5 16. Rc1 Qb6 17. b3 Bg4 18. Qd2 Rac8 19. Rxc8 Rxc8 20. Ne5 Qc7 21.
Nxg4 Qc1+ 22. Qxc1 Rxc1+ 23. Ke2 Rxh1 24. Bb8 Ra1 25. a4 Ra2+ 26. Kf3 a5 27.
Bc7 Bc3 28. Ne5 f6 29. Nc6 e5 30. Ne7+ Kg7 31. Nxd5 Be1 32. e4 Rxf2+ 33. Ke3
Rxg2 0-1

[Event "Toronto op"]
[Site "Toronto CAN"]
[Date "2010.04.03"]
[Round "4.7"]
[White "Martchenko, Alexander"]
[Black "Filipovich, David"]
[Result "1/2-1/2"]
[WhiteElo "2354"]
[BlackElo "2214"]
[PlyCount "94"]
[EventDate "2010.04.02"]
[EventType "swiss"]
[EventRounds "6"]
[EventCountry "CAN"]

1. e4 c6 2. d4 d5 3. Nc3 g6 4. Be3 Bg7 5. Qd2 Nf6 6. f3 dxe4 7. Nxe4 Nbd7 8.
O-O-O Nxe4 9. fxe4 Nf6 10. e5 Ng4 11. Bf4 h5 12. Bc4 Bf5 13. Nf3 b5 14. Bb3 a5
15. a4 Qb6 16. h3 Nh6 17. Be3 bxa4 18. Bxa4 Bd7 19. Ng5 Rb8 20. b3 Qb4 21. Qxb4
axb4 22. d5 c5 23. Bxd7+ Kxd7 24. e6+ fxe6 25. Nxe6 Nf5 26. Bg5 Bd4 27. Rhe1
Ra8 28. Nxd4 Ra1+ 29. Kd2 Rxd1+ 30. Kxd1 cxd4 31. g4 hxg4 32. hxg4 Ne3+ 33.
Bxe3 dxe3 34. Rxe3 Kd6 35. Re6+ Kxd5 36. Rxg6 Rh1+ 37. Kd2 Rh2+ 38. Kc1 e5 39.
g5 e4 40. Rg8 e3 41. Re8 Kd4 42. g6 Rg2 43. Re6 Rg1+ 44. Kb2 Rg3 45. Rb6 Kc5
46. Re6 Kd4 47. Rb6 Kc5 1/2-1/2

[Event "Toronto op"]
[Site "Toronto CAN"]
[Date "2010.04.03"]
[Round "4.8"]
[White "Hambleton, Aman"]
[Black "Humphreys, Michael"]
[Result "0-1"]
[WhiteElo "2308"]
[BlackElo "2184"]
[PlyCount "134"]
[EventDate "2010.04.02"]
[EventType "swiss"]
[EventRounds "6"]
[EventCountry "CAN"]

1. d4 Nf6 2. c4 e6 3. Nc3 Bb4 4. Qc2 O-O 5. a3 Bxc3+ 6. Qxc3 b6 7. Bg5 Ba6 8.
f3 c5 9. dxc5 bxc5 10. e3 Qe7 11. Bd3 Nc6 12. Ne2 d6 13. b4 Ne5 14. b5 Bb7 15.
O-O Ng6 16. Rfd1 Rfd8 17. Ng3 Nd5 18. Bxe7 Nxc3 19. Bxg6 Nxd1 20. Bxd8 hxg6 21.
Bg5 Nb2 22. e4 f6 23. Bf4 Nxc4 24. Ne2 a6 25. Nc3 axb5 26. Nxb5 e5 27. Bc1 Bc6
28. Nc3 Rb8 29. Kf2 Rb3 30. Ne2 Ba4 31. Ra2 Rb1 32. Nc3 Rxc1 33. Nxa4 Rb1 34.
Nc3 Rb3 35. Nd5 Nxa3 36. Ke2 Kf7 37. Ne3 Ke6 38. h4 c4 39. g4 c3 40. Nc2 Nxc2
41. Rxc2 Rb2 42. Kd3 Rxc2 43. Kxc2 d5 44. Kxc3 d4+ 45. Kc4 Ke7 46. Kb3 Kd6 47.
Kb4 Kd7 48. Kb3 Kc7 49. g5 Kb7 50. Kc4 Kc6 51. Kb4 Kb6 52. Kc4 Kc6 53. Kb4 Kd6
54. Kc4 Ke6 55. Kb3 f5 56. Kc4 f4 57. Kb3 Kd7 58. Ka3 Kc7 59. Kb3 Kb7 60. Ka3
Kc6 61. Kb4 Kb6 62. Kc4 Ka5 63. h5 gxh5 64. g6 h4 65. Kd5 h3 66. Ke6 h2 67. Kf7
h1=Q 0-1